000 00778nam a2200253 i 4500
001 C2-0325814
003 PPAK
005 20180728123807.0
008 140303s2013 my a|||| ||||| | may d
040 _aPPAK
_beng
_cPPAK
_erda
082 0 4 _a331.252
_223
090 0 0 _a331.252
_bBUL
_dKK
245 0 0 _aBuletin Warisan:
_bBerita Persatuan Pesara-Pesara Kerajaan Malaysia Kedah Darul Aman
250 _aJilid 2 Bil. 9 - Disember 2013
264 1 _aAlor Setar, Kedah :
_bPersatuan Pesara Kedah ,
_c2013
300 _a12 pages :
_billustrations ;
_c29 cm
336 _2rdacontent
_atext
337 _2rdamedia
_aunmediated
338 _2rdacarrier
_avolume
500 _aBuletin
650 1 0 _aPensions - Malaysia
700 0 _aHj. Zakaria Long,
_eeditor
942 _ddc
_cB
999 _c125513
_d125513